00369nam a22001337a 450000500170000002000220001703500130003903700130005210000160006524500670008126000480014830000240019670000150022020120312134149.0 a8176296368c00.00 aB-159151 aDPLbENG aGoel, Aruna aStress management and education /cby Aruna Goel and S.L. Goel aNew DelhibDeep and Deep Publicationsc2005 avii, 278p.c22 cms. aGoel, S.L.